000 01736nam0a2200337 i 4500
001 RU\NLR\BIBL_A\011101131
005 20241103003637.0
021 _aRU
_b2016-21820
_91376
035 _a(NILC)RuMoRGB-008252686
035 _a(NLR Aleph) 011101131
090 _a11421280
_c11421280
100 _a20160413d2015 u y0rusy50 ca
101 0 _arus
102 _aRU
105 _aa|||j|||000yy
200 1 _aДиагностика и лечение пневмоцистоза
_eучебное пособие
_fН. Н. Климко, С. Н. Хостелиди
_g[М-во здравоохранения Рос. Федерации, Гос. бюджет. образоват. учреждение высш. проф. образования "Северо-Западный гос. мед. ун-т им. И.И. Мечникова" М-ва здравоохранения Рос. Федерации], Каф. клинической микологии, аллергологии и иммунологии
210 _aСанкт-Петербург
_cИзд-во СЗГМУ им. И. И. Мечникова
_d2015
215 _a39 с.
_cил., цв. ил.
_d21
225 1 _aМедицинское образование
320 _aБиблиогр.: с. 28 (5 назв.)
606 _aПневмоцистоз
_jУчебные издания
_91884793
_3RU\NLR\AUTH\66856786
675 _a616.3
686 1 _aР514.39я77
700 1 _aКлимко
_bН. Н.
_gНиколай Николаевич
701 1 _aХостелиди
_bС. Н.
_gСофья Николаевна.
801 0 _aRU
_bРГБ
_c20160322
_gRCR
801 1 _aRU
_bРГБ
_c20160322
_2rusmarc
942 _cBOOK
980 _aNBR